| 000 | 00625nam a22001937a 4500 | ||
|---|---|---|---|
| 003 | OSt | ||
| 005 | 20240918094858.0 | ||
| 008 | 240918b ||||| |||| 00| 0 eng d | ||
| 040 | _cAIMIT LIBRARY | ||
| 100 |
_aS Shreesha. _e2216195 _9179266 |
||
| 245 |
_aReal estate tax planning in india _cBy Shreesha S ; Guided by Ravi Kudtharkar. |
||
| 260 |
_aMangaluru ; _c2024. |
||
| 650 |
_aIndustry profile company profile _9179267 |
||
| 650 |
_aLiterature review _9179268 |
||
| 650 |
_aData analysis and interpretation _9179269 |
||
| 700 |
_aKudtharkar, Ravi. _eGuide _9179270 |
||
| 856 | _3M V Chathre and co | ||
| 942 |
_2ddc _cPRO |
||
| 999 |
_c231817 _d231817 |
||